|
|
|
|
| LEADER |
00000nam0a2200000 4500 |
| 001 |
293459 |
| 005 |
20231102000609.0 |
| 035 |
|
|
|a (RuTPU)RU\TPU\book\318487
|
| 090 |
|
|
|a 293459
|
| 100 |
|
|
|a 20150430d1983 m y0rusy50 ca
|
| 101 |
0 |
|
|a eng
|
| 102 |
|
|
|a UA
|
| 105 |
|
|
|a a j 001zy
|
| 200 |
1 |
|
|a Электродуговая сварка низкоуглеродистых и низколегированных сталей
|e курс лекций для специалистов-сварщиков
|f В. И. Авраменко, В. А. Богдановский
|g Академия наук Украинской ССР (АН УССР), Институт электросварки им. Е. О. Патона (ИЭС)
|
| 210 |
|
|
|a Киев
|c Наукова думка
|d 1983
|
| 215 |
|
|
|a 146 с.
|c ил.
|
| 320 |
|
|
|a Библиогр.: с. 142-145
|
| 510 |
1 |
|
|a Arg Welding of Low-Carbon and Low-Alloy Steels
|z eng
|e lectures for weiding specialists
|
| 606 |
1 |
|
|a Электродуговая сварка
|2 stltpush
|3 (RuTPU)RU\TPU\subj\66887
|9 82882
|
| 610 |
1 |
|
|a сврка
|
| 610 |
1 |
|
|a сварочные работы
|
| 610 |
1 |
|
|a сварочное дело
|
| 610 |
1 |
|
|a металлы
|
| 610 |
1 |
|
|a сталь
|
| 610 |
1 |
|
|a техника
|
| 610 |
1 |
|
|a производство
|
| 610 |
1 |
|
|a технологии
|
| 610 |
1 |
|
|a ручная сварка
|
| 610 |
1 |
|
|a сварка под флюсом
|
| 610 |
1 |
|
|a оборудование
|
| 610 |
1 |
|
|a низкоуглеродистая сталь
|
| 610 |
1 |
|
|a низколегированные стали
|
| 610 |
1 |
|
|a английский язык
|
| 675 |
|
|
|a 621.791.75
|v 4
|
| 700 |
|
1 |
|a Авраменко
|b В. И.
|g Владимир Иванович
|
| 701 |
|
1 |
|a Богдановский
|b В. А.
|g Валентин Александрович
|
| 712 |
0 |
2 |
|a Академия наук Украинской ССР (АН УССР)
|b Институт электросварки им. Е. О. Патона (ИЭС)
|c (Киев)
|2 stltpush
|3 (RuTPU)RU\TPU\col\13726
|
| 801 |
|
1 |
|a RU
|b 63413507
|c 20150430
|
| 801 |
|
2 |
|a RU
|b 63413507
|c 20161215
|g RCR
|
| 942 |
|
|
|c BK
|